000 00437nam a2200181Ia 4500
001 17032
005 20260306170355.0
008 260306t2008||||xx |||||||||||||| ||und||
041 _aESP
082 _a657.42
_bS21 T.2 2008
100 _aSanta Cruz Ramos, Alfonso
_eAUT
245 0 _aTratado de contabilidad de costos
260 _c2008
300 _apágs. :
_ccm.
650 _aGEN
654 _aCCO
942 _cLIB
_dJUS
_fJUS
_2ddc
_n
999 _c17032
_d17032